LEADER 01007cam1 22002771 450 001 SOBE00084990 005 20251110110129.0 010 $a978885300088 100 $a20251110d2003 |||||ita|0103 ba 101 $afre$aita 102 $aIT 200 1 $aGrammathèque$fLidia Parodi$gMarina Vallacco 205 $a2.ed 210 $aGenova$cCideb Editrice$d2003 215 $av.$d27 cm 463 1$1001E600200045076$12000 $aGrammatica contrastiva per italiani / Lidia Parodi ; Marina Vallacco 463 1$1001E600200045077$12000 $aExercices : grammatica contrastiva per italiani / Lidia Parodi ; Marina Vallacco 517 1 $aGrammatica contrastiva per italiani / Lidia Parodi, Martina Vallacco$9SOBE00084993 700 1$aParodi$b, Lidia$3A600200049522$4070$0242303 701 1$aVallacco, Marina$3A600200049523$4070$0242304 801 0$aIT$bUNISOB$c20251110$gRICA 912 $aSOBE00084990 940 $aM 102 Monografia moderna SBN 941 $aM 996 $aGrammathèque$9620341 997 $aUNISOB